[Event "Chessable Masters Play In"]
[Site "Chess.com INT"]
[Date "2024.01.31"]
[Round "4"]
[White "Martirosyan, Haik M"]
[Black "Aronian, Levon"]
[Result "1-0"]
[WhiteElo "2678"]
[BlackElo "2725"]
[PlyCount "61"]
[EventDate "2024.01.31"]
[EventType "swiss (rapid)"]
[EventRounds "9"]
[EventCountry "USA"]
[SourceTitle "CB06_2024"]
[SourceDate "2024.02.07"]
[SourceVersion "1"]
[SourceVersionDate "2024.02.07"]
[SourceQuality "1"]

1. d4 Nf6 2. c4 e6 3. Nf3 d5 4. Nc3 Bb4 5. Bg5 dxc4 6. e4 c5 7. Bxc4 cxd4 8. Nxd4 Qa5 9. Bd2 Qc5 10. Bb5+ Bd7 11. Nb3 Qc7 12. Bd3 0-0 13. 0-0 Nc6 14. Rc1 Rfd8 15. Qe2 Be8 16. f4 e5 17. Kh1 Qe7 18. Nd5 Nxd5 19. exd5 Bxd2 20. Nxd2 Nb4 21. Bc4 Nxd5 22. fxe5 Bc6 23. Rce1 Rd7 24. Nb3 Re8 25. Nd4 Qg5 26. Qf2 h6 27. e6 fxe6 28. Rxe6 Rde7 29. h4 Qh5 30. Rxe7 Rxe7 31. Nxc6 1-0

[Event "Wch Rapid"]
[Site "Samarkand"]
[Date "2023.12.26"]
[Round "3"]
[White "Madaminov, Mukhiddin"]
[Black "Martirosyan, Haik M"]
[Result "1/2-1/2"]
[WhiteElo "2494"]
[BlackElo "2678"]
[PlyCount "81"]
[EventDate "2023.12.26"]
[EventType "swiss (rapid)"]
[EventRounds "13"]
[EventCountry "UZB"]
[SourceTitle "CB01_2024"]
[SourceDate "2024.01.03"]
[SourceVersion "1"]
[SourceVersionDate "2024.01.03"]
[SourceQuality "1"]

1. e4 e5 2. Nf3 Nc6 3. Bb5 Nf6 4. 0-0 Nxe4 5. Re1 Nd6 6. Nxe5 Be7 7. Bf1 Nxe5 8. Rxe5 0-0 9. d4 Bf6 10. Re1 Nf5 11. c3 d5 12. Bf4 c6 13. Nd2 Bg5 14. Bxg5 Qxg5 15. Nf3 Qf6 16. Ne5 Nd6 17. a4 a5 18. Bd3 Bf5 19. Qf3 Rfe8 20. Bxf5 Qxf5 21. Qxf5 Nxf5 22. f3 f6 23. Nd3 h5 24. Kf2 Kf7 25. b3 h4 26. g4 hxg3+ 27. hxg3 Rh8 28. Rh1 Rae8 29. g4 Nd6 30. Rxh8 Rxh8 31. Kg3 Re8 32. Re1 Rxe1 33. Nxe1 b5 34. Nd3 bxa4 35. bxa4 Nc4 36. Kf2 Ke7 37. Ke2 g5 38. Nc5 Kd6 39. Kd3 Nb2+ 40. Kc2 Nc4 41. Kd3 1/2-1/2

[Event "Wch Rapid"]
[Site "Samarkand"]
[Date "2023.12.26"]
[Round "2"]
[White "Martirosyan, Haik M"]
[Black "Zhalmakhanov, Ramazan"]
[Result "1-0"]
[WhiteElo "2678"]
[BlackElo "2493"]
[PlyCount "87"]
[EventDate "2023.12.26"]
[EventType "swiss (rapid)"]
[EventRounds "13"]
[EventCountry "UZB"]
[SourceTitle "CB01_2024"]
[SourceDate "2024.01.03"]
[SourceVersion "1"]
[SourceVersionDate "2024.01.03"]
[SourceQuality "1"]

1. d4 d5 2. c4 e6 3. Nf3 c5 4. cxd5 exd5 5. g3 Nc6 6. Bg2 Nf6 7. 0-0 Be7 8. dxc5 Bxc5 9. a3 Ne4 10. Nfd2 f5 11. b4 Bb6 12. Bb2 0-0 13. e3 Be6 14. Nf3 Qd6 15. Nbd2 Rad8 16. Nb3 a6 17. Rc1 Rc8 18. Qe2 Bd7 19. Rfd1 Ne7 20. Be5 Qg6 21. Qb2 Bb5 22. Na5 Ba4 23. Re1 Bc6 24. Bd4 Bc7 25. Ne5 Qh6 26. Naxc6 bxc6 27. Nd3 Bd6 28. Rc2 Rf7 29. Rec1 Rcf8 30. Qb3 g5 31. f4 Qe6 32. fxg5 Nxg5 33. Nf4 Bxf4 34. exf4 Ne4 35. Qd3 Ra8 36. Bf3 Qg6 37. Qe2 Rff8 38. Bb2 Rfc8 39. Qd1 h6 40. Bh5 Qh7 41. Qd4 Rc7 42. Rg2 Rf8 43. Qe5 Rd7 44. Qe6+ 1-0

[Event "EU-ch Blitz"]
[Site "Zagreb"]
[Date "2023.12.16"]
[Round "12"]
[White "Maksimovic, Bojan"]
[Black "Martirosyan, Haik M"]
[Result "0-1"]
[WhiteElo "2497"]
[BlackElo "2678"]
[PlyCount "138"]
[EventDate "2023.12.16"]
[EventType "swiss (blitz)"]
[EventRounds "13"]
[EventCountry "CRO"]
[SourceTitle "CB51_2023"]
[SourceDate "2023.12.20"]
[SourceVersion "1"]
[SourceVersionDate "2023.12.20"]
[SourceQuality "1"]

1. e4 c5 2. Nf3 Nc6 3. d4 cxd4 4. Nxd4 e6 5. Nc3 Qc7 6. Nxc6 bxc6 7. Bd3 Nf6 8. 0-0 Be7 9. Qe2 d5 10. b3 0-0 11. Bb2 Bd6 12. h3 d4 13. Nb1 c5 14. Nd2 e5 15. Nc4 Bb7 16. Rae1 Rfe8 17. Bc1 Bf8 18. Bd2 Re6 19. g3 Rae8 20. Kh2 g6 21. Ba5 Qd7 22. Bd2 Bc8 23. g4 Bg7 24. f3 R6e7 25. Qg2 Qc7 26. Qg3 h6 27. Kg2 Bb7 28. Ba5 Qd7 29. Bd2 Bc6 30. a4 Qd8 31. Na5 Bd7 32. Nc4 Qc7 33. Ba5 Qb8 34. Bd2 Nh7 35. Rh1 Nf8 36. h4 Ne6 37. h5 Nf4+ 38. Bxf4 exf4 39. Qf2 g5 40. Re2 Be5 41. Ra1 Kg7 42. Ree1 Bc7 43. Re2 Qc8 44. Kh3 Be6 45. Rae1 Qb8 46. Kg2 Bd7 47. Kh3 Bc6 48. Qf1 Qd8 49. Qf2 Bd7 50. Kg2 Be6 51. Rd1 Qd7 52. Kh3 Rb8 53. Rde1 Qd8 54. Rd1 Ba5 55. Rb1 Bc3 56. Rd1 Qc7 57. Rg1 Rbe8 58. Rg2 Bd7 59. Qf1 f6 60. Rgf2 Re6 61. Qg2 R8e7 62. Qf1 Qb8 63. Qg2 Qc8 64. Qf1 Qd8 65. Qg2 Qe8 66. Qf1 Qd8 67. Qg2 Rc6 68. Qg1 Qe8 69. Qg2 Qxh5# 0-1

[Event "Buenos Aires simul"]
[Site "Buenos Aires"]
[Date "2023.12.01"]
[Round "1"]
[White "Martirosyan, Haik M"]
[Black "Schnaider, Ilan"]
[Result "1-0"]
[WhiteElo "2678"]
[BlackElo "2322"]
[PlyCount "115"]
[EventDate "2023.12.01"]
[EventType "simul"]
[EventRounds "1"]
[EventCountry "ARG"]
[SourceTitle "CB49_2023"]
[SourceDate "2023.12.06"]
[SourceVersion "1"]
[SourceVersionDate "2023.12.06"]
[SourceQuality "1"]
[WhiteTeam "Martirosyan"]
[BlackTeam "Argentina Olympic Youth"]
[WhiteTeamCountry "ARM"]
[BlackTeamCountry "ARG"]

1. d4 d5 2. c4 c6 3. Nf3 Nf6 4. Nc3 e6 5. Bg5 h6 6. Bxf6 Qxf6 7. e3 Nd7 8. Be2 g6 9. 0-0 Bg7 10. cxd5 exd5 11. b4 0-0 12. b5 Qd6 13. bxc6 bxc6 14. Rc1 Nb6 15. Na4 Bg4 16. Nc5 Rfe8 17. h3 Bxf3 18. Bxf3 Rab8 19. Be2 Bf8 20. Qc2 Rec8 21. Bg4 f5 22. Be2 Nd7 23. Nd3 Kg7 24. Nf4 Be7 25. Rb1 Rb6 26. Rfc1 Rcb8 27. Rxb6 Rxb6 28. a4 a5 29. Nd3 Qb8 30. g4 fxg4 31. hxg4 Bd6 32. Qd2 Ba3 33. Rc2 Qd8 34. Nf4 Rb1+ 35. Kg2 Qh4 36. Bd1 Bb4 37. Qd3 Qf6 38. Rxc6 Rxd1 39. Rxf6 Rxd3 40. Ra6 Ra3 41. Ra7 Rxa4 42. Rxd7+ Kf6 43. Ra7 Be1 44. Ra6+ Kf7 45. Nd3 Bb4 46. Nxb4 Rxb4 47. Rxa5 Ke6 48. Ra6+ Kf7 49. Rd6 Rb5 50. Kg3 Kg7 51. Kf4 Rb2 52. f3 Rb5 53. Ke5 h5 54. gxh5 gxh5 55. Kf4 Ra5 56. Kg5 Kf7 57. Rf6+ Ke7 58. Rf5 1-0

[Event "EU-chT 24th"]
[Site "Budva"]
[Date "2023.11.15"]
[Round "5.1"]
[White "Martirosyan, Haik M"]
[Black "Keymer, Vincent"]
[Result "0-1"]
[WhiteElo "2708"]
[BlackElo "2721"]
[PlyCount "80"]
[EventDate "2023.11.11"]
[EventType "team-swiss"]
[EventRounds "9"]
[EventCountry "MNE"]
[SourceTitle "CB47_2023"]
[SourceDate "2023.11.22"]
[SourceVersion "1"]
[SourceVersionDate "2023.11.22"]
[SourceQuality "1"]
[WhiteTeam "Armenia"]
[BlackTeam "Germany"]
[WhiteTeamCountry "ARM"]
[BlackTeamCountry "GER"]

1. d4 Nf6 2. c4 e6 3. Nf3 d5 4. Nc3 c5 5. cxd5 cxd4 6. Qxd4 exd5 7. e4 dxe4 8. Qxd8+ Kxd8 9. Ng5 Be6 10. Nxe6+ fxe6 11. Bg5 h6 12. 0-0-0+ Ke7 13. Bxf6+ gxf6 14. Nxe4 Bg7 15. Ng3 h5 16. h4 Nc6 17. Be2 Rad8 18. Nxh5 Nd4 19. Ng3 f5 20. Bd3 Rd6 21. Kb1 Be5 22. Nf1 Bf6 23. h5 Bg5 24. Ne3 Nc6 25. Be2 Nd4 26. Bf1 Rdd8 27. Bc4 Kf6 28. Rde1 b5 29. Bf1 a6 30. Rh3 Bh6 31. a3 Rhg8 32. Rh1 Nb3 33. Kc2 Nc5 34. f3 Rd7 35. g4 Rc8 36. Kb1 Na4 37. gxf5 Bxe3 38. Rxe3 Rd1+ 39. Ka2 Rc2 40. Rxe6+ Kf7 0-1